jetpunk knowledge - Statistics

General Stats
  • This quiz has been taken 9 times
    5 since last reset
  • The average score is 3 of 15
Answer Stats
Hint Answer % Correct
is all of his quizzes featured yes
75%
how many choices are there in the create a quiz? 6
50%
who is the ultimate supreme god of jetpunk? Quizmaster
50%
when was jetpunk created? 2008
25%
what is the ultimate supreme god's best quiz? Countries of the World
25%
where does the ultimate supreme god hail from? seattle
25%
who is the quizmaker rank #2/ the second best person? Stewart
25%
where does the quizmaker rank #2/ the second best person hail from? UK
25%
how many other languages are there? 24
0%
how many jetpunk quizzes are there? a lot
0%
What is the ultimate supreme god's real name? Dan Hostetler
0%
what is the ultimate supreme god's best series? General Knowledge
0%
who is that fish in that left corner? Jeppy the Fish
0%
what is the quizmaker rank #2/ the second best person's best quiz? Random Countries on the World Map
0%
what is the the quizmaker rank #2/ the second best person's best series? Random Map Quizzes!
0%
No matching quizzes found
Score Distribution
Percent of People with Each Score
Percentile by Number Answered
Your Score History
You have not taken this quiz since the last reset